|
|
|
|
| LEADER |
00000cam a2200000 7i4500 |
| 001 |
0000000252 |
| 005 |
20000725.0 |
| 020 |
0 |
0 |
|a 1901919021
|
| 090 |
0 |
0 |
|a 382.9159
|b ASE 1997
|
| 245 |
0 |
0 |
|a ASEAN free trade agreement :
|b Implications & future directions
|c edited by Kao Kim Hourn & Sarah Kanter
|
| 260 |
0 |
0 |
|a London :
|b ASEAN Academic Press ,
|c 1997
|
| 300 |
|
|
|a 110 p. ;
|c 22 cm.
|
| 500 |
0 |
0 |
|a Includes index
|
| 610 |
1 |
0 |
|a Association of Southeast Asian Nations (ASEAN)
|
| 650 |
0 |
0 |
|a Cambodia
|x International economic relations
|z Asia, Southeastern
|
| 650 |
0 |
0 |
|a International economic relations
|
| 651 |
0 |
0 |
|a Asia, Southeastern
|x International economic relations
|
| 999 |
|
|
|a 0000001437
|b Monograph
|c Open Shelf
|e Default branch
|